| 000 | 00738pam a2200241 a 4500 | ||
|---|---|---|---|
| 999 |
_c4582 _d4582 |
||
| 001 | 24502109 | ||
| 003 | OCoLC | ||
| 005 | 20181210160058.0 | ||
| 008 | 910913s1992 miu b 000 0 eng | ||
| 010 | _a91036097 | ||
| 020 | _a0310532906 (acidfree paper) | ||
| 040 |
_aDLC _cDLC |
||
| 050 | 0 | 0 |
_aBV4597.53.C62 _bE57 1992 |
| 082 | 0 | 0 |
_a262.8 _220 _bE59C |
| 100 | 1 | _aEnroth, Ronald M | |
| 245 | 1 | 0 |
_aChurches that abuse / _cRonald M. Enroth |
| 260 |
_aGrand Rapids, Mich. : _bZondervan, _cc1992 |
||
| 300 |
_a231 p. ; _c24 cm |
||
| 504 | _aIncludes bibliographical references (p. 228-231) | ||
| 650 | 0 |
_aControl (Psychology) _xReligious aspects _xChristianity _xCase studies |
|
| 650 | 0 |
_aAuthoritarianism _xCase studies |
|
| 942 |
_2ddc _cBK |
||